| 000 | 00840nam a2200241Ia 4500 | ||
|---|---|---|---|
| 003 | OSt | ||
| 005 | 20220925184238.0 | ||
| 006 | a|||||r|||| 00| 0 | ||
| 007 | ta | ||
| 008 | 220923b |||||||| |||| 00| 0 eng d | ||
| 037 | _cGeneral Book | ||
| 040 |
_aRTL _cRTL _beng |
||
| 041 |
_2eng _aeng |
||
| 082 | _aX9(J382):2.252.N45, H7 | ||
| 110 |
_aIndia, Government Of .... Imperial Council Of Agricultural Research (New Delhi) _9260822 |
||
| 245 | 0 | _aReport on the second random sample survey for esti | |
| 260 |
_aDelhi _bManager Of Publication India _c1947 |
||
| 300 |
_a80p. _ccm. |
||
| 650 | _aAgriculture Industry - Wheat | ||
| 700 |
_aIndia, Government Of .... Imperial Council Of Agricultural Research (New Delhi) _9260823 |
||
| 942 |
_hX9(J382):2.252.N45, H7 _cGB _2CC |
||
| 999 |
_c507240 _d507240 |
||